=LDR 00000nam 2200000 4500 =001 INLIS000000000039637 =005 20130612145243 =008 ***********************************ind** =035 ##$$0010-061300000039637 =041 ##$$a ind =082 ##$$a 336.2 =100 ##$$a faisal, gatot SM =245 ##$$a how to be a smarter taxpayer:bagaimana menjadi wajib pajak yang lebih cerdas =260 ##$$b jakarta. ramedia =300 ##$$a 543 hlm =850 ##$$a NBPNMAT